| 000 | 01060cam a2200325 i 4500 | ||
|---|---|---|---|
| 999 |
_c109889 _d109889 |
||
| 003 | BJBSDDR | ||
| 005 | 20230411085942.0 | ||
| 007 | ta | ||
| 008 | 810209s2014 fr af b 000 0 fre | ||
| 020 | _a9782070453986 | ||
| 035 | _a1831213 | ||
| 040 |
_aDLC _cDLC _bspa |
||
| 041 | _aEng | ||
| 043 | _an-us--- | ||
| 050 | 1 | 4 |
_a002 E 93 _bM334r 2014 |
| 082 | 0 | 0 |
_a973/.0497 _219 |
| 100 | 1 |
_aMarienstras, Elise, _d1932- |
|
| 245 | 1 | 3 |
_aLa résistance indienne aux États-Unis : _bXVIe-XXe siècle / _cprésenté par Élise Marienstras. |
| 260 |
_a[Paris : _bGallimard : _c2014. |
||
| 300 |
_a221 p., [8] leaves of plates : _bill. ; _c18 cm. |
||
| 490 | 0 |
_aCollection Folio/histoire ; _v228. |
|
| 504 | _aBibliography: p. 208-[213] | ||
| 650 | 0 |
_aIndians of North America _xGovernment relations. |
|
| 650 | 0 |
_aIndians of North America _xHistory. |
|
| 650 | 4 |
_aIndígenas de Estados Unidos _xRelaciones con el gobierno _96937 |
|
| 650 | 0 |
_aTrato a los indígenas _96938 |
|
| 830 |
_96935 _aCollection Folio/histoire ; |
||
| 942 |
_2lcc _cBK |
||
| 946 | _advf | ||